Personnages d'anime (manga) en images - B - Statistiques

Statistiques générales
  • Ce quiz a été pris 546 fois
    519 depuis la dernière actualisation
  • Le résultat moyen est 4 sur 20
Statistiques - réponses
Par images Réponse % Correct
Brook
95%
Bertolt Hoover
59%
Babidi
48%
Boros
34%
Bond Forger
33%
Black Star
26%
Benimaru
19%
Bell Cranel
18%
Byakuya Ishigami
18%
Bob
17%
Björn
14%
Baraggan Louisenbairn
12%
Beans
12%
Bishamon
11%
Boo
8%
Baltra Liones
5%
Bebin
2%
Benio Adashino
2%
Brain Unglaus
2%
Bansai Kawakami
1%
Aucun quiz correspondant
Distribution des résultats
% des personnes avec chaque résultat
Percentile par nombre de réponses
Votre historique - résultats
Vous n’avez pas pris ce quiz depuis la dernière actualisation